000 00684nam a2200205Ii 4500
003 JO-AjNU
008 230605s9999||||xx |||||||||||||| ||und||
040 _aJO-AjNU
_bara
_erda
_cJO-AjNU
041 _aara
050 1 4 _aVB353.T3464 1982
100 3 _aالطائي، عادل احمد,
_eauthor
_936963
245 0 0 _aالنظام القانوني للاستخدام العسكرية للبحار
250 _aط1
264 3 1 _aدار واسط ، 1982
300 _a240ص
336 _atext
_btxt
_2rdacontent
337 _aunmediated
_bn
_2rdamedia
338 _avolume
_bnc
_2rdacarrier
650 4 _aالقاون الدولي البحري-القانون العسكري
_936964
999 _aA15403
_c18971
_d18971